Statistics for Counties of Alabama by population

Click here to take the quiz!

General Stats

  • This quiz has been taken 3 times
  • The average score is 13 of 67

Answer Stats

PopulationFirst letterCounty% Correct
675,129JJefferson
100%
411,298MMadison
100%
415,195MMobile
100%
239,865TTuscaloosa
100%
60,315AAutauga
50%
252,958BBaldwin
50%
91,247CCullman
50%
72,292DDeKalb
50%
91,318EElmore
50%
102,974EEtowah
50%
108,129HHouston
50%
52,502JJackson
50%
183,295LLee
50%
112,181LLimestone
50%
100,029MMarshall
50%
226,310MMontgomery
50%
124,594MMorgan
50%
59,218RRussell
50%
231,287SShelby
50%
95,614SSt. Clair
50%
80,629TTalladega
50%
64,313WWalker
50%
24,605BBarbour
0%
21,994BBibb
0%
60,315BBlount
0%
9996BBullock
0%
18,568BButler
0%
115,702CCalhoun
0%
33,952CChambers
0%
25,296CCherokee
0%
46,109CChilton
0%
12,317CChoctaw
0%
22,273CClarke
0%
14,089CClay
0%
15,424CCleburne
0%
54,916CCoffee
0%
58,105CColbert
0%
11,187CConecuh
0%
10,103CCoosa
0%
37,519CCovington
0%
12,985CCrenshaw
0%
49,214DDale
0%
36,626DDallas
0%
36,611EEscambia
0%
15,996FFayette
0%
32,176FFranklin
0%
26,811GGeneva
0%
7101GGreene
0%
14,358HHale
0%
17,726HHenry
0%
13,685LLamar
0%
96,102LLauderdale
0%
32,963LLawrence
0%
9604LLowndes
0%
18,395MMacon
0%
18,625MMarengo
0%
28,905MMarion
0%
19,312MMonroe
0%
7835PPerry
0%
18,538PPickens
0%
33,019PPike
0%
22,316RRandolph
0%
11,719SSumter
0%
40,914TTallapoosa
0%
14,994WWashington
0%
9993WWilcox
0%
23,418WWinston
0%

Score Distribution

Percentile by Number Answered

Percent of People with Each Score

Your Score History

You have not taken this quiz